[Event "FIDE GP+"]
[Site "Dubai"]
[Date "2002.04.08"]
[Round "5.2"]
[White "Lautier, Joel"]
[Black "Ivanchuk, Vassily"]
[Result "1-0"]
[WhiteElo "2687"]
[BlackElo "2717"]
[Annotator "Lautier,J"]
[PlyCount "125"]
[EventDate "2002.04.03"]
[EventType "k.o. (rapid)"]
[EventRounds "5"]
[EventCountry "UAE"]
[SourceTitle "CBM 089"]
[Source "ChessBase"]
[SourceDate "2002.08.12"]
[SourceVersion "1"]
[SourceVersionDate "2002.08.12"]
[SourceQuality "1"]

1. d4 {Stohl} e6 2. c4 b6 3. e4 Bb7 4. Bd3 Nc6 5. Ne2 {Stohl: 'More accurate,
as it enables White to play ao. for f4-f5 in the near future.'} (5. Nf3 {Stohl}
Nb4 6. Nc3 (6. d5 {Stohl} Nxd3+ 7. Qxd3 Bb4+ 8. Bd2 Bxd2+ 9. Nbxd2 Ne7 10. O-O
O-O 11. Rfe1 Ng6 12. Qc3 Qe7 13. Nf1 c6 14. dxc6 dxc6 15. Ng3 (15. c5 $5 $11 {
Stohl}) 15... Rfd8 16. Rad1 c5 17. Qc1 h6 18. Re2 Rxd1+ 19. Qxd1 Rd8 20. Rd2
Rxd2 21. Qxd2 h5 22. Nxh5 Bxe4 23. Qe3 Bxf3 24. Qxf3 Qg5 $15 {Lamprecht,
F-Speelman,J/Bundesliga 0102/2001/}) 6... Nxd3+ 7. Qxd3 d6 8. O-O Ne7 9. Ne1 g6
10. Bg5 Bg7 11. f4 O-O 12. Nc2 Qd7 13. Rad1 f5 14. e5 $14 d5 15. cxd5 $6 Nxd5
16. Rf2 Rf7 17. Ne3 Bf8 18. Nexd5 Bxd5 19. Rfd2 Rc8 20. Bf6 Qc6 21. Qg3 Bg7 $11
{Crouch,C-Kinsman,A/BCF-chT Birmingham/2002/}) 5... Nb4 6. Nbc3 (6. O-O {Stohl}
Ne7 (6... Nxd3 {Stohl} 7. Qxd3 d6 $14) 7. Bf4 $5 $146 Ng6 8. Bg3 Be7 9. f4 Nxd3
10. Qxd3 O-O 11. f5 exf5 12. exf5 Nh4 13. Nbc3 g6 14. Bxh4 Bxh4 15. Nf4 Kh8 16.
Qh3 Rg8 17. d5 Qe7 18. Rad1 gxf5 19. Qxf5 Raf8 20. Qd3 f5 21. Kh1 Rg4 22. Nce2
Bg5 23. b3 Rh4 24. Nh3 Re4 25. Ng3 $16 {Epishin,V-Barle,J/Nova Gorica/2002/})
6... Nxd3+ 7. Qxd3 d6 (7... g6 {Stohl} 8. h4 $1 h6 9. h5 g5 10. f4 gxf4 11.
Bxf4 d6 12. O-O-O Qd7 13. d5 O-O-O 14. Be3 Bg7 15. Rdf1 Be5 16. Bd4 Rh7 17.
Bxe5 dxe5 18. Qg3 exd5 19. cxd5 f6 {Bacrot,E-Short,N/Sarajevo/2000/} 20. Qf3
$16) 8. O-O Nf6 {Stohl: 'White controls the [+], but Black, although passive,
has a potential plus in his ^^. In this year Ivanchuk has revived this line in
two rapid games.'} 9. f4 {'N' Stohl.} (9. d5 {Stohl} Be7 (9... Qd7 $5 {Stohl}
10. Nd4 e5 11. Nf5 g6 12. Nh6 Bg7 13. h3 Nh5 14. Ne2 Qe7 15. Rb1 Bc8 16. Qf3
Nf4 17. Nxf4 Bxh6 $11 {1/2,Pacheco Asmat,J-Belli Pino,M/PER-ch/1997/}) 10. Nd4
Qd7 11. f4 $5 (11. a4 {Stohl} c5 12. dxc6 Bxc6 13. b3 O-O 14. Ba3 Bb7 15. Ndb5
Rfd8 16. Rad1 Qc6 17. Qg3 Nxe4 18. Nxe4 Qxe4 19. Nxd6 Bxd6 20. Bxd6 Qg6 21. Bc7
Rxd1 22. Rxd1 Rc8 23. a5 b5 24. Qxg6 hxg6 25. Rd8+ {1/2,Kramnik,V-Ivanchuk,V/
Monaco rpd/2002/}) (11. b3 {Stohl} O-O (11... c6 {Stohl} 12. dxc6 Bxc6 13. Ba3
$1 a6 14. Rad1 Bb7 15. Qg3 Qc7 16. Rfe1 g6 17. e5 $36 Nh5 $2 18. Bxd6 Qd7 19.
Qg4 Bxd6 20. exd6 O-O 21. Na4 Rae8 22. Nc2 Qd8 23. d7 Re7 24. Qd4 Bc6 25. Nxb6
$18 {Epishin,V-Ehlvest,J/Novosibirsk/1993/}) 12. Bb2 c6 13. dxc6 Bxc6 14. Nxc6
Qxc6 15. Rad1 Rfd8 16. Rd2 a6 17. a4 Ne8 18. Rfd1 Bg5 19. Rc2 Rab8 20. h3 h6
21. Ne2 Qb7 22. Bc1 Bxc1 23. Rcxc1 Nf6 $11 {Jelen,I-Grosar,A/Ljubljana/1997/})
11... c5 12. Nde2 exd5 13. cxd5 h5 $6 (13... b5 $5 $14 {(Stohl) <=>}) 14. a4 h4
15. h3 O-O 16. b3 Ne8 17. Bb2 Nc7 18. f5 Bf6 19. Rf4 Qe7 20. Rg4 Kh7 21. Qd2
Ne8 22. Kh1 g5 23. Ng1 Rg8 24. Nf3 Rg7 25. Rf1 Kg8 26. e5 $1 dxe5 27. Ne4 $40 {
Anastasian,A-Kengis,E/Katowice op/1993/}) 9... Be7 10. e5 (10. f5 O-O 11. fxe6
fxe6 12. d5 Ng4 (12... e5 13. Bd2 Bc8 14. Rf2 $14) 13. Nd4 (13. Nf4 Ne5 14. Qe2
exd5 15. exd5 Qd7 16. Be3 Rae8) 13... Ne5 14. Rxf8+ Qxf8 15. Qe2 exd5 16. exd5
Qf7 17. Be3 $14) (10. d5 $5) 10... Nd7 (10... dxe5 {Stohl} 11. fxe5 Nd7 12. Qg3
$16 {[%cal Gf1f7] ->,<->f}) 11. f5 {'!?' Stohl.} (11. Qg3 {Stohl} O-O $13 {/\}
12. f5 $6 dxe5 13. dxe5 Bh4 $1 14. Qf4 exf5 $15) 11... exf5 $6 (11... dxe5 $142
12. fxe6 fxe6 13. Qh3 Bf6 {'!' Stohl.} (13... exd4 $6 14. Nxd4 $40 Bc5 15. Be3
$36) 14. Qxe6+ (14. Nb5 {Stohl} O-O 15. Qxe6+ Kh8 $15) 14... Qe7 15. Qxe7+ Bxe7
(15... Kxe7 16. d5 $14 c6 $132) 16. Be3 (16. Nb5 Bd8 17. dxe5 Nxe5 18. Bf4 Nxc4
19. Bxc7 Bf6 20. Rac1 a6 21. Nd6+ Nxd6 22. Bxd6 Rd8 $11) 16... O-O-O 17. Rf7
Bf6 18. d5 $14) 12. Qxf5 O-O 13. exd6 (13. e6 fxe6 14. Qxe6+ Kh8 15. Bd2 Bf6
$14) 13... cxd6 (13... Bxd6 $6 14. Bg5 Qc8 (14... f6 15. Bf4 $36) (14... Qe8 {
Stohl} 15. Bf4 $14 (15. Rae1 $36 {Stohl})) 15. Rae1 $36) 14. Bf4 a6 (14... Nf6
{[%cal Rd6d5] (Stohl) /\d5} 15. d5 Bc8 16. Qd3 $14) 15. a4 $1 {>< b5, /\ d5 ><
Bb7} Qc7 16. b3 Rae8 17. Qd3 {'+/=' Stohl. Stohl: '()' Stohl: 'White has kept
some advantage, as he has more influence in the [+] and Black's Bb7 can always
be later shut out with d5.'} (17. Nd5 $5 Qc6 18. Rae1) 17... f5 $6 {Stohl: '׻,
e6'} (17... Nf6 $142 18. d5 Bc8 $14) (17... Bf6 {Stohl} 18. Ng3 $16 (18. Qg3 $5
{Stohl})) 18. Bd2 (18. Bg3 $1 g6 19. Nf4 $16) 18... g6 (18... Qc6 {Stohl} 19.
Nd5 $16) 19. Nf4 Bg5 (19... Bh4 {Stohl} 20. a5 $1 bxa5 (20... Nf6 {Stohl} 21.
d5 $36 {/\Ne6}) 21. Ncd5 $16) 20. Rae1 {Stohl: '/\Ne6'} (20. Nfd5 {Stohl} Qd8
21. Bxg5 Qxg5 22. a5 bxa5 23. Rxa5 Nf6 $132) 20... Bxf4 21. Bxf4 Nf6 22. d5 Ng4
(22... Qc5+ {Stohl} 23. Be3 Qb4 24. Na2 $16) (22... Rxe1 {Stohl} 23. Rxe1 Qc5+
24. Be3 (24. Kh1 {Stohl} Ng4 25. Nd1 $14) 24... Qb4 25. Bf2 $5 (25. Bd4 {Stohl}
Ne4 26. Rb1 $16) 25... Qxb3 26. Rb1 $40) 23. Qd4 $16 {Stohl: '><b6,d6,>>'
Stohl: 'White has increased his advantage.'} Bc8 24. h3 Ne5 25. Re2 Rf7 (25...
Qc5 {Stohl} 26. Qxc5 bxc5 27. Rfe1 Bd7 28. Bxe5 dxe5 29. Rxe5 Rxe5 30. Rxe5 Rb8
31. d6 Rxb3 32. Nd5 Bxa4 33. d7 $18) (25... Bd7 {Stohl} 26. Rfe1 Nf7 27. Be3
Qc5 28. Qd2 $5 (28. Nb1 {[%cal Rd4c3] (Stohl) /\Qc3} Qxd4 (28... Re4 $2 {Stohl}
29. Qxe4 $18) 29. Bxd4 Rxe2 (29... b5 {Stohl} 30. Rxe8 Rxe8 31. Rxe8+ Bxe8 32.
cxb5 axb5 33. a5 $16) 30. Rxe2 Rb8 31. Re7 Rb7 32. Nc3 Kf8 33. Bf6 $16 {/\} Bc8
34. Rxb7 Bxb7 35. Bd4 $18) 28... Qc7 (28... Qb4 $2 {Stohl} 29. Ne4 $1 Qxd2 30.
Nf6+ $18) 29. Bd4 $40) 26. Rfe1 Rfe7 27. Kh1 {Stohl: 'White doesn't hurry with
undermining Black's [+] bastions.'} (27. Bg5 $5 Rf7 28. Be3 Nd7 29. Bf4 Rxe2
30. Rxe2 $16) (27. a5 $5 {Stohl} bxa5 28. c5 Qa7 (28... dxc5 {Stohl} 29. Qf2 {
[%cal Rf2g3] /\Qg3+-}) (28... Nf7 {Stohl} 29. cxd6 Nxd6 30. Rxe7 Rxe7 31. Rxe7
Qxe7 32. Qc5 $18) 29. Qf2 Nd3 30. Rxe7 Rxe7 31. Rxe7 Qxe7 32. Bxd6 Qxd6 33.
cxd6 Nxf2 34. Kxf2 $16) 27... Qc5 28. Qd1 Bd7 ({In the long run it's difficult
for Black to prevent the aforementioned break:} 28... a5 $2 {Stohl} 29. Nb5 Bd7
(29... Ba6 {Stohl} 30. Nxd6 $5 Qxd6 31. Qd4 $18) 30. Bg5 Rf7 31. Be3 Qb4 32.
Bd2 $5 Qc5 33. b4 axb4 34. Be3 $18) 29. Bg5 Rf7 30. Be3 Qc7 31. Bd4 $6 (31. Qd4
$16) 31... h6 $6 (31... f4 $1 32. Ne4 (32. Rf2 {Stohl} f3 33. gxf3 $40 {/\} (
33. g4 {Stohl} Qd8 $1 {/\} 34. Bxe5 dxe5 35. Rxf3 $2 Bxg4 $1 36. hxg4 Rxf3 $17)
33... Bxh3 34. f4 Ref8 35. fxe5 Rxf2 36. Bxf2 Rxf2 37. Ne4 Bg2+ 38. Kg1 Bf3 39.
Nf6+ Kf8 40. Qd3 Rg2+ 41. Kf1 $18) (32. a5 {Stohl} f3 $13) 32... f3 $132 33.
gxf3 Rxf3 34. Nxd6 Qxd6 35. Bxe5 Rxh3+ $11) (31... a5 $142 $5 $14 {Stohl}) 32.
a5 $1 $16 {'!' Stohl.} bxa5 33. c5 {'->' Stohl.} Rfe7 34. c6 Bc8 35. Qd2 g5 36.
Na4 {Stohl: '/\Bb6,Nb6'} (36. h4 $16 {Stohl}) 36... f4 (36... Qb8 $2 {Stohl}
37. Bxe5 Rxe5 38. Rxe5 Rxe5 39. Rxe5 dxe5 40. d6 $18) 37. Bxe5 (37. Qc2 $5 Kg7
38. Nb6 f3 39. Re3 fxg2+ 40. Kxg2 $16) (37. Bb6 {Stohl} Qb8 $132) (37. Nb6 {
Stohl} Bf5 38. Nc4 $5 $36) 37... Rxe5 {'[]' Stohl.} 38. Rxe5 dxe5 (38... Rxe5 {
Stohl} 39. Rxe5 dxe5 40. Qc2 Kg7 (40... Qf7 {Stohl} 41. Nb6 f3 42. Kg1 $1 fxg2
43. Kxg2 Bxh3+ 44. Kxh3 Qf3+ 45. Kh2 $18) 41. Qc5 f3 42. Kg1 $5 $18) 39. Nc5 (
39. Qc2 $142 $5 {Stohl} Kg7 40. Qc5 f3 41. d6 (41. Kg1 $5 {Stohl}) 41... Qf7
42. Nb6 fxg2+ 43. Kxg2 Bxh3+ 44. Kxh3 Qf3+ 45. Kh2 Qf4+ 46. Kg2 Qg4+ 47. Kf2
Rf8+ 48. Ke3 $18) 39... Bf5 40. Ne4 $1 Bxe4 41. Rxe4 Qd6 (41... Rd8 42. Qc3 $16
(42. Rc4 $16 {Stohl}) 42... Rxd5 $2 43. Qc4 $18) 42. Qd3 (42. Qxa5 Qg6 43. Qb4
$16) 42... Kg7 43. Rc4 {Stohl: '/\c7,Rc6'} Rc8 44. Qe4 Rc7 (44... Kf6 {Stohl}
45. Qh7 $5 (45. Ra4 {Stohl} Qc5 $14) 45... Qxd5 46. Qxh6+ Kf5 47. Qh7+ Kf6 48.
c7 $16) 45. Ra4 h5 (45... Ra7 {Stohl} 46. Rxa5 {[%cal Rb3b5] /\b4-b5+- is too
passive. Black seeks counterplay, but his K is too vulnerable and White's o^
are too strong.}) 46. Rxa5 g4 47. Rxa6 $18 g3 48. Ra1 (48. b4 {Stohl} Kf6 49.
b5 {/\} Qc5 50. Ra1 Qxb5 51. Re1 Re7 52. d6 $18) 48... Kf6 49. b4 Rc8 50. b5
Qc5 51. Re1 Re8 52. Rb1 Rb8 53. Qd3 Ke7 54. Qh7+ Kf6 55. Qh6+ Kf5 56. Qe6+ Ke4
57. Re1+ Qe3 58. Qg6+ Kd4 59. Rxe3 fxe3 60. c7 Rf8 61. Qxg3 e2 62. Kh2 Kxd5 63.
Qd3+ 1-0

[Event "Eurotel Trophy"]
[Site "Prague"]
[Date "2002.04.28"]
[Round "1.1"]
[White "Van Wely, Loek"]
[Black "Ivanchuk, Vassily"]
[Result "1/2-1/2"]
[WhiteElo "2642"]
[BlackElo "2711"]
[Annotator "Stohl,I"]
[PlyCount "113"]
[EventDate "2002.04.28"]
[EventType "k.o. (rapid)"]
[EventRounds "5"]
[EventCountry "CZE"]
[SourceTitle "CBM 089"]
[Source "ChessBase"]
[SourceDate "2002.08.12"]
[SourceVersion "1"]
[SourceVersionDate "2002.08.12"]
[SourceQuality "1"]

1. d4 Nf6 2. c4 c5 3. d5 b5 4. cxb5 a6 5. b6 d6 6. Nc3 g6 7. e4 Bg7 8. Nf3 O-O
{A somewhat careless move, after which White can cause Black unnecessary
worries by protecting the extra P.} (8... Qxb6 9. a4 $14 (9. Nd2 $5)) (8...
Nbd7 $142 9. a4 a5 $1 $13 {<=> and when White is denied a chance to play a5
and possibly gain a foothold on b6, it's not easy for him to prove he has an
advantage.}) 9. Qb3 $5 Bb7 10. Nd2 {The only principled follow-up.} (10. Be2
$143 Nbd7 11. O-O Qxb6 12. Qxb6 Nxb6 13. Bf4 Nfd7 14. Nd2 a5 15. Bb5 (15. a4
$142 $11) 15... a4 $1 16. Rac1 Ba6 17. Bxa6 Rxa6 18. Nd1 f5 19. f3 Ne5 20. Bxe5
Bxe5 21. g3 Ra5 22. Nc3 Rb8 $17 {Petursson,G-Rossen,C/Copenhagen/1998/}) (10.
a4 a5 11. Nd2 Na6 12. Be2 Nb4 13. Nc4 Nd7 14. Nb5 Nxb6 15. Bd2 Nxc4 16. Bxc4
Na6 17. O-O Qb6 18. Qc2 Nc7 $11 {Norbach,A-Jochens,A/Hamburg/1999/}) 10... a5 (
10... Nbd7 11. Nc4 (11. Na4 Re8 12. f3 e6 13. Nc4 Bxd5 $5 $36) 11... a5 12. a4
(12. f3 $142 $5 $14) 12... Ra6 (12... Ng4 13. Bg5 Nde5 14. h3 Nxc4 15. hxg4
Nxb6 16. Nb5 Bc8 17. Qg3 f6 18. Bd2 Rf7 19. Ra3 $1 Bd7 20. Qh2 Bh8 21. Rh3 $1
h5 22. Rxh5 gxh5 23. Qxh5 Bg7 24. Qh7+ Kf8 25. Bh6 e5 26. Nxd6 Be8 27. Nxf7
Bxf7 28. Bxg7+ Ke7 29. Bxf6+ Kxf6 30. Qh4+ Kg6 31. Qh6# {1-0,Sokolov,I-Vestly,
J/EU Cup Panormo/2001/ An original and impressive attack by White!}) 13. Qb5 (
13. Bd2 Nxb6 14. Ne3 Ra8 15. Bb5 Ba6 16. O-O Bxb5 17. axb5 a4 18. Qc2 Qd7 19.
Ra3 Rfb8 20. Rfa1 Ng4 21. Nxg4 Qxg4 22. h3 Qd7 23. Nxa4 Qxb5 24. Nc3 Rxa3 25.
Rxa3 Qd7 $11 {/=/+,Seirawan,Y-Van Wely,L/Merrillville/1997/ Black has a more
compact P-structure.}) 13... Ra8 $5 14. Nxa5 Ba6 15. Qb3 Bxf1 16. Nc6 Qxb6 17.
Qxb6 Nxb6 18. Rxf1 e6 $132) 11. Be2 (11. Bc4 Nbd7 (11... Nfd7 $5 12. Na4 Ne5
13. Bb5 Nbd7 $132) 12. Na4 Rb8 13. Qb5 Bc8 14. Qxa5 Nxb6 $44) 11... Nbd7 12.
Na4 Re8 13. O-O (13. f3 $5 {/\} e6 14. Nc4 $36) 13... e6 14. dxe6 Rxe6 15. Bc4
Re7 16. Rd1 $146 (16. Nf3 $143 Nxe4 17. Ng5 Qe8 $15 18. Nxe4 $2 Rxe4 19. Nc3 a4
$1 20. Nxa4 Rg4 21. f3 Rxc4 22. Qxc4 Bd4+ 23. Kh1 Ba6 24. Qd5 Bxf1 25. Bh6
Bxg2+ 26. Kxg2 Rxa4 27. b7 Qe2+ 28. Kh1 Rxa2 $1 $19 {Gurieli,N-Mahn,F/Berlin/
1996/}) (16. f3 $5 Rb8 17. Rd1 Ne5 (17... Bc6 18. Bb5 Bxb5 19. Qxb5 Nxb6 20.
Nxb6 Qxb6 21. Qxb6 Rxb6 22. Nc4 $16) 18. Bf1 (18. Nb1 $5 Nxc4 19. Qxc4 Nxe4 $1
20. Qb5 Bd4+ 21. Rxd4 cxd4 22. fxe4 Rxe4 $32 {->}) 18... Nc6 $44 {<=>}) 16...
Rb8 (16... Bc6 17. Bb5 Bxb5 18. Qxb5 Nxe4 19. Nxe4 Rxe4 20. Bd2 $1 $14) 17. Nf3
{[%mdl 2112] White gives back the booty to finish his development. However,
the position still remains complicated enough and full of tactical piece play
till the very end.} (17. f3 $142 Ne5 {-16.f3}) 17... Nxe4 $6 (17... Bxe4 $5 18.
Rxd6 (18. Ng5 d5 19. Nxe4 Rxe4 20. Bxd5 (20. Bf1 c4 $17) 20... Nxd5 21. Qxd5
Nf8 $1 22. Qxd8 Rxd8 23. Be3 Rxd1+ 24. Rxd1 Rxa4 25. a3 Re4 (25... Bd4 26. b7
Nd7 27. b4 $1 Rxa3 $8 28. bxc5 Bxc5 29. Kf1 (29. Bxc5 $2 Rb3) 29... Bxe3 30.
fxe3 Nb8 31. Rd8+ Kg7 32. Rxb8 Rb3 $11) 26. Bxc5 Bxb2 27. b7 Re8 28. Bd6 Nd7
29. Rb1 f6 $1 $15 {/\Be5}) 18... Bxf3 19. Qxf3 (19. gxf3 Re1+ 20. Kg2 Qe7 {
/\Nh5->}) 19... Re1+ 20. Bf1 Ne4 (20... Qe7 21. Rd1 $11) 21. Rd1 (21. Bf4 Rxa1
22. Qxe4 Qc8 $1 $15 {[%cal Yg7d4,Yc8a6] /\Bd4,Qa6}) 21... Rxd1 22. Qxd1 Bd4 23.
Be3 Nxb6 $11) 18. Bf4 Bc6 (18... Ndf6 $5 19. Ng5 Nxg5 20. Bxg5 $14) 19. Bxd6
Nxd6 20. Rxd6 Bxa4 21. Qxa4 Rxb6 $8 (21... Bxb2 $2 22. Rad1 Rb7 23. Bb5 $18)
22. Qxa5 Qb8 23. Rxb6 Qxb6 $1 (23... Nxb6 $143 24. Qb5 $16) 24. Qa8+ Nf8 25.
Rb1 Bxb2 {Seems very brave, but Black will be able to unpin his B with Qf6.}
26. Qd5 (26. Ng5 Qb4 (26... Kg7 27. Nxf7 Qf6 28. Nd8 Bd4 29. Rf1 Re1 30. Qb7+
Re7 31. Qc6 $14) 27. Nxh7 Kxh7 28. Qxf8 Bg7 $1 29. Rxb4 Re1+ 30. Bf1 Bxf8 31.
Rc4 Ra1 32. a4 Bg7 33. Rxc5 Rxa4 $11 {/+/=}) 26... Rd7 27. Qe4 (27. Qg5 $142 $5
Ne6 (27... Qf6 $2 28. Qxc5 $16) 28. Qe3 $36) 27... Qf6 28. h4 h6 29. a4 Ra7 {
Black doesn't want to allow the o^ any further.} (29... Re7 30. Qd5 Bd4 31. a5
$14) 30. Qc2 Bc3 31. Rb8 Kg7 $11 32. Bb3 Nd7 33. Rb5 Bb4 34. Qe4 Qa1+ 35. Kh2
Nf6 (35... Qc3 $142 $1 36. Qc2 $11) 36. Qe5 $1 Qc1 (36... Qxe5+ 37. Nxe5 Be1
38. f3 $14 (38. Kg1 Ne4 39. f3 Bc3 $11)) 37. Rb8 (37. Rb6 $143 Bc3 38. Qxc5 (
38. Qe2 Ng4+ 39. Kg3 Ba5 40. Rc6 h5 $40) 38... Ng4+ (38... Qf4+ 39. Kh1 Rc7 40.
Qe3 Qxe3 41. fxe3 Ng4 $11) 39. Kh3 (39. Kg3 $2 Be5+ $19) 39... Ra5 40. Qe7 (40.
Qc4 Qh1+ 41. Kg3 Be5+ $1 42. Nxe5 Qh2+ 43. Kxg4 Qxg2+ 44. Kf4 g5+ 45. hxg5
hxg5+ 46. Ke3 Rxe5+ $19) 40... Qf4 41. Qxf7+ Qxf7 42. Bxf7 Nxf2+ 43. Kg3 Nh1+
44. Kh2 $11) 37... Bc3 $2 (37... Qc3 38. Qd6 (38. Qxc3 $11) 38... c4 (38... Nd7
39. Bxf7 $5 Kxf7 40. Rd8 $40 {/\} Nf6 41. Qf8+ Ke6 42. Rd6+ Kf5 43. Rd5+ Ke6
44. Re5+ $18) 39. Qd8 (39. Rxb4 cxb3 40. Rb8 Kh7 41. Qf8 Ng4+ 42. Kg3 h5 $11)
39... Ne8 40. Qxe8 Bd6+ 41. Kh3 Bxb8 42. Qxb8 Re7 $44 (42... cxb3 43. Qxa7 b2
44. Qb6 Qc2 45. Qd4+ Kh7 46. Nd2 $18)) 38. Qd6 (38. Qxc5 $2 Qf4+ $17) 38... Nd7
39. Rd8 $6 (39. Bxf7 $1 Nxb8 (39... Kxf7 40. Rd8 Nf6 41. Qf8+ Ke6 42. Rd6+ Kf5
43. Qc8+ Kf4 44. Kh3 $1 Qh1+ (44... g5 $2 45. Rxf6+ Bxf6 46. Qg4#) 45. Nh2 Rd7
$8 (45... g5 46. g3+ Ke4 47. Qc6+ $18) 46. Rxd7 Nxd7 47. Qxd7 $18) 40. Qxg6+
Kf8 41. Qg8+ Ke7 42. Qxb8 $40) 39... c4 $5 (39... Qb2 40. Bxf7 Be5+ $8 41. Nxe5
Qxe5+ 42. Qxe5+ Nxe5 43. Be8 $14 {/+/-}) 40. Bxc4 Bf6 $1 (40... Rxa4 $2 41.
Qxd7 (41. Bxf7 $2 Be5+ $1 42. Nxe5 Rxh4+ 43. Kg3 Qf4#) 41... Qf4+ (41... Rxc4
42. Qe8 Kf6 43. Rd7 $18) 42. g3 Qxc4 (42... Qxf3 43. Qxa4 Qxf2+ 44. Kh3 Qf5+
45. Kg2 Qe4+ 46. Kh2 $18) 43. Qe8 Kf6 44. Rc8 Qf1 45. Qd8+ $18 {->}) 41. Rxd7 (
41. Rc8 $5 $36) 41... Rxd7 42. Qxd7 Qxc4 {Black has somehow managed not to
lose immediately and has drawing chances, especially due to the fact White's
time was running out.} 43. g3 $6 $138 (43. a5 $142 Bxh4 44. Qb7 $1 (44. Nxh4
Qxh4+ 45. Kg1 Qb4 $132) 44... Bd8 (44... Bxf2 $2 45. Qb2+ $18) 45. a6 Qc7+ 46.
g3 $16) 43... g5 $1 44. hxg5 hxg5 45. g4 (45. a5 Qc5 46. Qd2 Bc3 47. Qxg5+ Qxg5
48. Nxg5 Bxa5 $11 {is a theoretical draw.}) (45. Qb5 $142 $5 {still gives
White winning chances.}) 45... Bc3 46. Qf5 f6 47. Qd7+ (47. a5 Bxa5 $1 {/\} 48.
Qxa5 $2 Qf4+ $15) 47... Kg6 48. Qf5+ Kg7 49. Qd7+ Kg6 50. Kg2 Qe4 $1 51. Kg3 (
51. Qc8 Ba5 $11) 51... Qf4+ 52. Kg2 Qe4 $11 {White is unable to break the pin
and improve his position.} 53. Kf1 Qb1+ 54. Ke2 Qe4+ 55. Kf1 Qb1+ 56. Kg2 Qe4
57. Kg3 1/2-1/2

[Event "Eurotel Trophy"]
[Site "Prague"]
[Date "2002.04.28"]
[Round "1.2"]
[White "Ivanchuk, Vassily"]
[Black "Van Wely, Loek"]
[Result "1-0"]
[WhiteElo "2711"]
[BlackElo "2642"]
[Annotator "Atlas,V"]
[PlyCount "65"]
[EventDate "2002.04.28"]
[EventType "k.o. (rapid)"]
[EventRounds "5"]
[EventCountry "CZE"]
[SourceTitle "CBM 089"]
[Source "ChessBase"]
[SourceDate "2002.08.12"]
[SourceVersion "1"]
[SourceVersionDate "2002.08.12"]
[SourceQuality "1"]

1. e4 c5 2. Nf3 d6 3. d4 cxd4 4. Nxd4 Nf6 5. Nc3 a6 6. Be3 e6 7. Bd3 b5 8. a4
b4 9. Na2 Bb7 10. Nxb4 d5 11. c3 dxe4 12. Be2 Qc7 13. f4 Nbd7 14. O-O Be7 15.
a5 O-O 16. Qe1 Nc5 17. Qf2 Rfd8 18. f5 Nd3 19. Bxd3 exd3 20. fxe6 Bxb4 21. cxb4
Rd5 22. Rac1 Qe7 23. Qg3 fxe6 24. Rc7 Rd7 25. Rxd7 Nxd7 26. Qc7 Bd5 27. b5 axb5
28. Nxb5 Rb8 29. Nc3 Ba8 30. a6 Qe8 31. Rf2 Nf6 $2 {This careless move is
elegantly refuted by Ivanchuk.} {[%tqu "En","Black's last move was very
careless. How can White take advantage of it?","As often, the best oject for
attack is the enemy king!","You need to hit Black on the kingside to bring
your bishop into attack.","f2f6","This spectacular sacrifice wins immedately.",
6]} 32. Rxf6 $1 {[%csl Rg7][%cal Ge3h6,Gc7g7,Gc7b8]} Rxb2 ({After} 32... gxf6
33. Bh6 $1 {Black has to lose his queen to avoid immediate mate.}) 33. Rf2 {
, and Black resigned, since he has no compensation for a piece.} 1-0